000 01022nam0a2200277 4500
001 RU\NLR\bibl\1833687
005 20250616165426.0
010 _a978-5-377-04743-8
_915000
021 _aRU
_b2011-82337
_95872
035 _a(NLR Aleph) 001824178
090 _a2047437
_c2047437
100 _a20111114d2012 |||y0rusy50 ca
101 0 _arus
102 _aRU
105 _ay |||||||||
200 1 _aГрамматика английского языка. Проверочные работы: 5 класс: к учебнику И.Н.Верещагиной ... "English-V"
205 _a7-е изд., перераб. и доп.
210 _aМосква
_cЭкзамен
_d2012
215 _d24
225 1 _aУчебно-методический комплект
700 1 _aБарашкова
_bЕ. А.
_4070
801 0 _aRU
_bNLR
_c20111114
_gRCR
801 1 _aRU
_bNLR
_c20111114
942 _cBOOK
980 _aNB